La lucha de Omar Torrijos por la recuperación de la integridad nacional /

Shranjeno v:
Bibliografske podrobnosti
Glavni avtor: Tack, Juan Antonio
Format: Texto
Oznake: Označite
Brez oznak, prvi označite!

MARC

LEADER 00000 a a2200000 04500
001 9441
003
040
100 |a Tack, Juan Antonio  
245 |a La lucha de Omar Torrijos por la recuperación de la integridad nacional /  |c Juan Antonio Tack 
773 |g número 484; páginas 89-105  
999 |c 23061  |d 23061